[Event "GER-ch Schools U18 Girls"]
[Site "Germany"]
[Date "2009.05.17"]
[Round "5.3"]
[White "Rottler, Corinna"]
[Black "Parchmann, Wiebke"]
[Result "1-0"]
[WhiteElo "800"]
[BlackElo "800"]
[PlyCount "81"]
[EventDate "2009.05.16"]
[EventType "team-swiss"]
[EventRounds "7"]
[EventCountry "GER"]
[SourceTitle "EXT 2011"]
[Source "ChessBase"]
[SourceDate "2010.11.26"]
[SourceVersion "1"]
[SourceVersionDate "2010.11.26"]
[SourceQuality "1"]
[WhiteTeam "Neureut Gymn (W)"]
[BlackTeam "Neubrandenburg (W)"]
[WhiteTeamCountry "GER"]
[BlackTeamCountry "GER"]

1. e4 e5 2. Bc4 Nf6 3. Nc3 Nc6 4. Nf3 Bc5 5. 0-0 d6 6. h3 Nxe4 7. Nxe4 d5 8. Bxd5 Qxd5 9. d3 Bf5 10. c4 Qe6 11. Nxc5 Qd6 12. Nxb7 Qe6 13. Be3 0-0 14. d4 Bxh3 15. gxh3 Rab8 16. Nc5 Qxc4 17. b3 Qd5 18. dxe5 Qd8 19. Qxd8 Rbxd8 20. e6 Rd5 21. Na6 fxe6 22. Nd4 Nxd4 23. Bxd4 Rxd4 24. Nxc7 Rf3 25. Kg2 Rdf4 26. Nxe6 Rf6 27. Nd4 R3f4 28. Rad1 Rg6+ 29. Kh2 Rh4 30. Nf3 Rh5 31. b4 Rgh6 32. h4 Rf5 33. Rd3 Rg6 34. Kh3 Rf4 35. Re1 Rfg4 36. Re7 h6 37. Rd8+ Kh7 38. Ng5+ hxg5 39. Kxg4 gxh4+ 40. Kxh4 Kh6 41. Rh8# 1-0

[Event "GER-ch Schools U18 Girls"]
[Site "Germany"]
[Date "2009.05.17"]
[Round "6.3"]
[White "Vollmer, Dorothee"]
[Black "Parchmann, Wiebke"]
[Result "1/2-1/2"]
[WhiteElo "800"]
[BlackElo "800"]
[PlyCount "37"]
[EventDate "2009.05.16"]
[EventType "team-swiss"]
[EventRounds "7"]
[EventCountry "GER"]
[SourceTitle "EXT 2011"]
[Source "ChessBase"]
[SourceDate "2010.11.26"]
[SourceVersion "1"]
[SourceVersionDate "2010.11.26"]
[SourceQuality "1"]
[WhiteTeam "Mallinckrodt Do (W)"]
[BlackTeam "Neubrandenburg (W)"]
[WhiteTeamCountry "GER"]
[BlackTeamCountry "GER"]

1. e4 e5 2. Nf3 Nc6 3. Nc3 Bc5 4. Bb5 d6 5. Bxc6+ bxc6 6. d3 Nf6 7. 0-0 0-0 8. a3 Bg4 9. h3 Bxh3 10. gxh3 Qd7 11. Kg2 d5 12. Bg5 dxe4 13. Nxe4 Rab8 14. Rb1 Be7 15. Nxe5 Qe6 16. b3 c5 17. c4 h6 18. Bh4 Qxe5 19. Bg3 1/2-1/2